The science of Laboratory diagnosis/ (Record no. 854)

MARC details
000 -LEADER
fixed length control field 00644nam a22002057a 4500
003 - CONTROL NUMBER IDENTIFIER
control field OSt
005 - DATE AND TIME OF LATEST TRANSACTION
control field 20150107143105.0
008 - FIXED-LENGTH DATA ELEMENTS--GENERAL INFORMATION
fixed length control field 150107b xxu||||| |||| 00| 0 eng d
020 ## - INTERNATIONAL STANDARD BOOK NUMBER
International Standard Book Number 1899066624
040 ## - CATALOGING SOURCE
Transcribing agency DNLM
082 ## - DEWEY DECIMAL CLASSIFICATION NUMBER
Classification number QY 22.1 S1 1998
245 ## - TITLE STATEMENT
Title The science of Laboratory diagnosis/
Statement of responsibility, etc. Edited by John Crocker and David Burnett
260 ## - PUBLICATION, DISTRIBUTION, ETC. (IMPRINT)
Place of publication, distribution, etc. oxford :
Name of publisher, distributor, etc. ISIS Medical media;
Date of publication, distribution, etc. 1998
300 ## - PHYSICAL DESCRIPTION
Extent xvii, 603 p :
Other physical details col.ill ;
Dimensions 28 cm .
504 ## - BIBLIOGRAPHY, ETC. NOTE
Bibliography, etc Includes bibliographical references and index.
650 ## - SUBJECT ADDED ENTRY--TOPICAL TERM
Topical term or geographic name as entry element Laboratory diagnosis
9 (RLIN) 2306
700 ## - ADDED ENTRY--PERSONAL NAME
Relator code Editor
Personal name Crocker John
9 (RLIN) 2307
700 ## - ADDED ENTRY--PERSONAL NAME
Relator code Editor
Personal name Burnett David
9 (RLIN) 2308
942 ## - ADDED ENTRY ELEMENTS (KOHA)
Source of classification or shelving scheme Other/Generic Classification Scheme
Koha item type Short Loan
Holdings
Withdrawn status Lost status Source of classification or shelving scheme Damaged status Not for loan Home library Current library Date acquired Source of acquisition Inventory number Total Checkouts Full call number Barcode Date last seen Price effective from Koha item type
    Other/Generic Classification Scheme     MUST Main Library MUST Main Library 07/01/2015   2002/17861   QY 22.1 S1 1998 2015-0032 07/01/2015 07/01/2015 Short Loan